|
|
|
|
| LEADER |
01467nam a2200361 a 4500 |
| 001 |
38005 |
| 003 |
BD-DhAAL |
| 005 |
20220316161752.0 |
| 008 |
220316t2004 ph 000 0 eng d |
| 999 |
|
|
|c 43804
|d 43804
|
| 010 |
|
|
|a 2006561744
|
| 020 |
|
|
|a 1892325047
|
| 025 |
|
|
|a I-E-2006-561744; 71-13; 88-90
|
| 037 |
|
|
|b Library of Congress -- New Delhi Overseas Office
|c $20.00 (U.S.)
|
| 040 |
|
|
|a DLC
|c DLC
|
| 042 |
|
|
|a lcode
|
| 043 |
|
|
|a az-----
|
| 050 |
0 |
0 |
|a KNC151
|b .P485 2004
|
| 082 |
|
|
|a 346.54064
|2 23
|
| 245 |
0 |
0 |
|a Philanthropy and law in South Asia /
|c edited by Mark Sidel and Iftekhar Zaman ; contributors Sanjay Agarwal ... [et al.].
|
| 260 |
|
|
|a Quezon City, Philippines :
|b Asia Pacific Philanthropy Consortium,
|c c2004.
|
| 300 |
|
|
|a 385 pages ;
|c 24 cm.
|
| 541 |
|
|
|a Donated By Akbar Ali Khan
|e 38005
|
| 650 |
|
0 |
|a Nonprofit organizations
|x Law and legislation
|z South Asia.
|9 47102
|
| 650 |
|
0 |
|a Charitable uses, trusts, and foundations
|z South Asia.
|9 47103
|
| 650 |
|
0 |
|a Nonprofit organizations
|z South Asia.
|9 47104
|
| 700 |
1 |
|
|a Sidel, Mark.
|9 47105
|
| 700 |
1 |
|
|a Zaman, Iftekhar.
|9 47106
|
| 700 |
1 |
|
|a Agarwal, Sanjay,
|d 1962-
|9 47107
|
| 710 |
2 |
|
|a Asia Pacific Philanthropy Consortium.
|9 47108
|
| 852 |
|
|
|a Ayesha Abed Library
|c Akbar Ali Khan Collection
|
| 942 |
|
|
|2 ddc
|c BK
|
| 952 |
|
|
|0 0
|1 0
|2 ddc
|4 0
|6 346_540640000000000_PHI
|7 1
|9 70173
|a BRACUL
|b BRACUL
|c AAKC
|d 2022-03-16
|f Donated by
|l 0
|o 346.54064 PHI
|p 3010038005
|r 2022-03-16
|t 1
|w 2022-03-16
|y BK
|